[Event "Chess24 Banter Blitz Cup"]
[Site "chess24.com INT"]
[Date "2020.03.10"]
[Round "3.11"]
[White "Shimanov, Aleksandr"]
[Black "Bluebaum, Matthias"]
[Result "0-1"]
[WhiteTitle "GM"]
[BlackTitle "GM"]
[WhiteElo "2587"]
[BlackElo "2643"]
[WhiteFideId "4198603"]
[BlackFideId "24651516"]
[EventDate "2019.09.25"]
[EventType "blitz"]

1. Nf3 d5 2. b3 Bg4 3. Bb2 Nd7 4. d3 Ngf6 5. Nbd2 e6 6. h3 Bh5 7. g4 Bg6 8. Nh4
Bd6 9. e3 Qe7 10. a3 a5 11. Bg2 Be5 12. d4 Bd6 13. Nxg6 hxg6 14. c4 c6 15. c5
Bc7 16. g5 Nh7 17. f4 f6 18. h4 e5 19. fxe5 fxe5 20. Qe2 Nhf8 21. e4 Ne6 22.
exd5 Nf4 23. Qe4 cxd5 24. Qf3 e4 25. Qg4 Nd3+ 26. Kd1 Nf2+ 0-1

[Event "Chess24 Banter Blitz Cup"]
[Site "chess24.com INT"]
[Date "2020.03.12"]
[Round "4.1"]
[White "Donchenko, Alexander"]
[Black "Narayanan, S.L."]
[Result "0-1"]
[WhiteTitle "GM"]
[BlackTitle "GM"]
[WhiteElo "2631"]
[BlackElo "2611"]
[WhiteFideId "24603295"]
[BlackFideId "5058422"]
[EventDate "2019.09.25"]
[EventType "blitz"]

1. c4 Nf6 2. g3 e5 3. Bg2 c6 4. Nf3 e4 5. Nd4 Qb6 6. Nb3 a5 7. d3 a4 8. N3d2 Bc5
9. O-O e3 10. Nf3 exf2+ 11. Kh1 O-O 12. Nc3 Qa7 13. d4 Bb4 14. Bg5 Bxc3 15. bxc3
Ne4 16. Qc2 d5 17. Bf4 Bf5 18. Qb2 a3 19. Qb3 dxc4 20. Qxc4 Nd7 21. Nh4 Nb6 22.
Qb3 Be6 23. Qc2 Nf6 24. e4 Rfe8 25. Rxf2 Qa4 26. Qe2 Bd5 27. e5 Bxg2+ 28. Kxg2
Nfd5 29. Bd2 Qc4 30. Qf3 f6 31. exf6 Nxf6 32. Bg5 Ne4 33. Raf1 Nxg5 34. Qg4 Qd5+
35. Kg1 h5 36. Qf5 Ne4 37. Rf4 Qxf5 38. Nxf5 Nd5 39. Rh4 Nef6 40. Nd6 Re2 41.
Nxb7 Rb8 42. Na5 Rbb2 43. Nxc6 Ne3 44. Ra1 Rxa2 45. Rxa2 Rxa2 46. Nb4 Rb2 47.
Rf4 Rxb4 0-1

[Event "Chess24 Banter Blitz Cup"]
[Site "chess24.com INT"]
[Date "2020.03.12"]
[Round "4.2"]
[White "Narayanan, S.L."]
[Black "Donchenko, Alexander"]
[Result "1-0"]
[WhiteTitle "GM"]
[BlackTitle "GM"]
[WhiteElo "2611"]
[BlackElo "2631"]
[WhiteFideId "5058422"]
[BlackFideId "24603295"]
[EventDate "2019.09.25"]
[EventType "blitz"]

1. e4 c6 2. Nc3 d5 3. Nf3 dxe4 4. Nxe4 Nf6 5. Qe2 Bf5 6. d3 e6 7. Bd2 Be7 8. h3
Nbd7 9. g4 Bg6 10. Bg2 O-O 11. O-O-O Qb6 12. h4 Qa6 13. Nxf6+ Bxf6 14. Kb1 Qb5
15. Bc1 Nc5 16. h5 Na4 17. c4 Qb4 18. Qc2 Nc3+ 19. Ka1 Nxd1 20. hxg6 hxg6 21.
Qxd1 Rfd8 22. g5 Be7 23. Ne5 Bd6 24. Ng4 Qa5 25. Qf3 Qf5 26. Qh3 Kf8 27. Be4 Qa5
28. Qh8+ Ke7 29. Qxg7 Rf8 30. Bxg6 b5 31. Qf6+ Kd7 32. Bxf7 bxc4 33. Qxe6+ Kc7
34. dxc4 Rad8 35. g6 Qb4 36. g7 1-0

[Event "Chess24 Banter Blitz Cup"]
[Site "chess24.com INT"]
[Date "2020.03.12"]
[Round "4.3"]
[White "Donchenko, Alexander"]
[Black "Narayanan, S.L."]
[Result "1/2-1/2"]
[WhiteTitle "GM"]
[BlackTitle "GM"]
[WhiteElo "2631"]
[BlackElo "2611"]
[WhiteFideId "24603295"]
[BlackFideId "5058422"]
[EventDate "2019.09.25"]
[EventType "blitz"]

1. d4 Nf6 2. c4 e6 3. g3 d5 4. Bg2 dxc4 5. Nf3 Bb4+ 6. Bd2 a5 7. Qc2 c5 8. dxc5
Bxc5 9. Qxc4 b6 10. Ne5 Ra7 11. Qa4+ Nfd7 12. O-O O-O 13. Nd3 Ba6 14. Nc3 Bxd3
15. exd3 Nf6 16. Rad1 Rd7 17. Bg5 h6 18. Bxf6 Qxf6 19. Ne4 Qd4 20. Nxc5 Qxc5 21.
d4 Qh5 22. d5 Rfd8 23. Qb3 Rd6 24. Bf3 Qf5 25. dxe6 Qxe6 26. Qxe6 fxe6 27. Rxd6
Rxd6 28. Rd1 Rxd1+ 29. Bxd1 Kf7 30. Kf1 e5 31. Ke2 Ke6 32. Ke3 Nc6 33. a3 Nd4
34. Bh5 b5 35. Kd3 Kd6 36. b4 Nc6 37. Kc3 axb4+ 38. axb4 Ne7 39. Be2 Nd5+ 40.
Kb3 Nc7 41. Bf3 Nd5 42. Be4 g5 43. Bd3 Nc7 44. Be4 Nd5 45. Bd3 Nc7 46. Be4 Nd5 1/2-1/2

[Event "Chess24 Banter Blitz Cup"]
[Site "chess24.com INT"]
[Date "2020.03.12"]
[Round "4.4"]
[White "Narayanan, S.L."]
[Black "Donchenko, Alexander"]
[Result "1-0"]
[WhiteTitle "GM"]
[BlackTitle "GM"]
[WhiteElo "2611"]
[BlackElo "2631"]
[WhiteFideId "5058422"]
[BlackFideId "24603295"]
[EventDate "2019.09.25"]
[EventType "blitz"]

1. Nf3 Nf6 2. c4 e6 3. e3 d5 4. Nc3 dxc4 5. Bxc4 a6 6. d4 b5 7. Bb3 Bb7 8. O-O
c5 9. e4 cxd4 10. Nxd4 Nc6 11. Nxc6 Bxc6 12. Qe2 Bc5 13. Rd1 Qb6 14. Nd5 Bxd5
15. exd5 O-O 16. dxe6 fxe6 17. Be3 Bxe3 18. Qxe3 Qxe3 19. fxe3 Kf7 20. Rd6 Rfe8
21. Rc1 Re7 22. Rcc6 a5 23. Rxe6 Rxe6 24. Bxe6+ Kg6 25. g4 b4 26. Kg2 Rd8 27. h4
h6 28. Rc7 Ne8 29. Bf7+ Kf6 30. Bxe8 Rxe8 31. Kf3 Rd8 32. Rc6+ Kf7 33. Rc5 Rd2
34. Rxa5 Rxb2 35. h5 b3 36. axb3 Rxb3 37. Kf4 Rb6 38. e4 Ke6 39. Ra7 Kf6 40. e5+
Ke6 41. Rxg7 Rb4+ 42. Kg3 Rb3+ 43. Kh4 Kxe5 44. Rg6 1-0

[Event "Chess24 Banter Blitz Cup"]
[Site "chess24.com INT"]
[Date "2020.03.12"]
[Round "4.5"]
[White "Donchenko, Alexander"]
[Black "Narayanan, S.L."]
[Result "1/2-1/2"]
[WhiteTitle "GM"]
[BlackTitle "GM"]
[WhiteElo "2631"]
[BlackElo "2611"]
[WhiteFideId "24603295"]
[BlackFideId "5058422"]
[EventDate "2019.09.25"]
[EventType "blitz"]

1. c4 Nf6 2. Nf3 g6 3. g3 Bg7 4. Bg2 O-O 5. Nc3 c5 6. O-O Nc6 7. d4 cxd4 8. Nxd4
Qa5 9. e3 d6 10. Bd2 Qb6 11. Re1 Bg4 12. Qb3 Rfc8 13. Qxb6 axb6 14. b3 Bd7 15.
Ndb5 Ra6 16. Red1 Ne8 17. Rac1 Rb8 18. a4 Bg4 19. Rf1 Ne5 20. Nd5 Kf8 21. f4 Nd3
22. Rc2 Nc5 23. Nd4 Bxd4 24. exd4 Nxb3 25. Be3 Rxa4 26. Nxb6 Ra6 27. c5 dxc5 28.
dxc5 Nc7 29. f5 Rd8 30. fxg6 hxg6 31. Bxb7 Ra3 32. Bg2 f6 33. c6 Kg7 34. Re1 Rd1
35. Rxd1 Bxd1 36. Rc3 Ra1 37. Kf2 Ra2+ 38. Kg1 Ra1 39. h4 Bf3+ 40. Kf2 Bxg2 41.
Kxg2 Na5 42. Nc8 Kf7 43. Bb6 Nd5 44. Bxa5 Nxc3 45. Bxc3 Rc1 46. Bd4 Rxc6 47. Nb6
e5 48. Bf2 Ke6 49. Na4 Rc2 50. Nc5+ Kd5 51. Nd7 f5 52. Nf6+ Kc4 53. Nd7 e4 54.
Kf1 Kd5 55. Nf6+ Ke6 56. Nh7 Rc1+ 57. Ke2 Rc2+ 58. Kf1 Rc1+ 59. Ke2 Rc7 60. Ng5+
Kd5 61. Nh3 Rc2+ 62. Kf1 Ke5 63. Nf4 Rc1+ 64. Ke2 Rc2+ 65. Ke1 Rc6 66. Be3 Ra6
67. Kf2 Ra2+ 68. Kf1 Ra6 69. Ke2 Ra2+ 70. Bd2 Kd4 71. Ne6+ Ke5 72. Nf4 Kd4 73.
Ne6+ Ke5 74. Nf4 1/2-1/2

[Event "Chess24 Banter Blitz Cup"]
[Site "chess24.com INT"]
[Date "2020.03.12"]
[Round "4.6"]
[White "Narayanan, S.L."]
[Black "Donchenko, Alexander"]
[Result "1-0"]
[WhiteTitle "GM"]
[BlackTitle "GM"]
[WhiteElo "2611"]
[BlackElo "2631"]
[WhiteFideId "5058422"]
[BlackFideId "24603295"]
[EventDate "2019.09.25"]
[EventType "blitz"]

1. d4 Nf6 2. c4 e6 3. Nf3 d5 4. Bg5 dxc4 5. e4 h6 6. Bxf6 Qxf6 7. Bxc4 Bb4+ 8.
Nc3 c5 9. O-O cxd4 10. e5 Qd8 11. Ne4 Nc6 12. Qe2 O-O 13. Rad1 Qb6 14. a3 Be7
15. h4 Rd8 16. Bd3 Bd7 17. Ng3 Bf8 18. Qe4 g6 19. Qg4 Ne7 20. h5 Bb5 21. hxg6
fxg6 22. Bxg6 Bxf1 23. Nh5 Kh8 24. Kxf1 Qb3 25. Rd2 Rac8 26. Bd3 Rc1+ 27. Ke2
Nd5 28. Nh4 Ne7 29. Nf6 Bg7 30. Ng6+ Nxg6 31. Qxg6 1-0

[Event "Chess24 Banter Blitz Cup"]
[Site "chess24.com INT"]
[Date "2020.03.12"]
[Round "4.7"]
[White "Donchenko, Alexander"]
[Black "Narayanan, S.L."]
[Result "0-1"]
[WhiteTitle "GM"]
[BlackTitle "GM"]
[WhiteElo "2631"]
[BlackElo "2611"]
[WhiteFideId "24603295"]
[BlackFideId "5058422"]
[EventDate "2019.09.25"]
[EventType "blitz"]

1. Nf3 Nf6 2. c4 c5 3. Nc3 Nc6 4. d4 cxd4 5. Nxd4 g6 6. e4 Bg7 7. Be3 O-O 8. Be2
d6 9. h3 Bd7 10. O-O Rc8 11. Qd2 a6 12. Rfd1 Ne5 13. b3 Re8 14. Rac1 Nc6 15. Nc2
Qa5 16. a3 Be6 17. b4 Qd8 18. Nd4 Nxd4 19. Bxd4 Bxc4 20. Bxc4 Rxc4 21. Bxf6 Bxf6
22. Nd5 Rxc1 23. Rxc1 e6 24. Nxf6+ Qxf6 25. Qxd6 Rd8 26. e5 Qg5 27. Qc7 b5 28.
Rf1 Rd3 29. Qc8+ Kg7 30. Qxa6 Qxe5 31. a4 Rb3 32. Qa5 h5 33. axb5 Qd4 34. Rc1
Rb2 35. Rf1 Qxb4 36. Qc7 Qxb5 37. Rd1 Rb1 38. Rxb1 Qxb1+ 39. Kh2 Qf5 40. Qc3+ e5
41. Qb2 h4 42. Kg1 Qf4 43. Kh1 Qd4 44. Qe2 e4 45. Kg1 Qa1+ 46. Kh2 Qe5+ 47. Kg1
f5 48. Qa6 Kh6 49. Qa8 Qf6 50. Qe8 Kg5 51. Qb8 Qd4 52. Qf8 Qd1+ 53. Kh2 Qd4 54.
Kg1 Qa1+ 55. Kh2 Qe5+ 56. Kg1 Qf6 57. Qb8 Qa1+ 58. Kh2 Qd4 59. Kg1 e3 60. fxe3
Qxe3+ 61. Kh1 Qc1+ 62. Kh2 Qf4+ 0-1

[Event "Chess24 Banter Blitz Cup"]
[Site "chess24.com INT"]
[Date "2020.03.12"]
[Round "4.8"]
[White "Narayanan, S.L."]
[Black "Donchenko, Alexander"]
[Result "0-1"]
[WhiteTitle "GM"]
[BlackTitle "GM"]
[WhiteElo "2611"]
[BlackElo "2631"]
[WhiteFideId "5058422"]
[BlackFideId "24603295"]
[EventDate "2019.09.25"]
[EventType "blitz"]

1. d4 d5 2. c4 dxc4 3. e4 e5 4. Nf3 Bb4+ 5. Nc3 exd4 6. Qxd4 Qxd4 7. Nxd4 Bc5 8.
Ndb5 Na6 9. Bf4 c6 10. Nd6+ Bxd6 11. Bxd6 Be6 12. O-O-O O-O-O 13. f4 f6 14. f5
Bf7 15. g4 h5 16. g5 fxg5 17. e5 Nh6 18. e6 Nxf5 19. exf7 Nxd6 20. Rg1 g4 21. h3
Nxf7 22. Rxd8+ Kxd8 23. hxg4 h4 24. Bxc4 Ne5 25. Bxa6 bxa6 26. Ne4 h3 27. g5 h2
28. Rh1 Rh4 29. Nd2 Nd3+ 30. Kc2 Nf2 31. Nf3 Nxh1 32. Nxh4 Ng3 0-1

[Event "Chess24 Banter Blitz Cup"]
[Site "chess24.com INT"]
[Date "2020.03.12"]
[Round "4.9"]
[White "Donchenko, Alexander"]
[Black "Narayanan, S.L."]
[Result "0-1"]
[WhiteTitle "GM"]
[BlackTitle "GM"]
[WhiteElo "2631"]
[BlackElo "2611"]
[WhiteFideId "24603295"]
[BlackFideId "5058422"]
[EventDate "2019.09.25"]
[EventType "blitz"]

1. Nf3 Nf6 2. c4 c5 3. Nc3 d5 4. cxd5 Nxd5 5. g3 g6 6. Bg2 Bg7 7. O-O O-O 8.
Nxd5 Qxd5 9. d3 Nc6 10. Be3 Qh5 11. Rc1 b6 12. b4 Nxb4 13. d4 Bh3 14. dxc5 Bxg2
15. Kxg2 Nd5 16. Bd4 Rfd8 17. Qa4 Qg4 18. e3 e5 19. h3 Qe4 20. Rfe1 exd4 21.
exd4 Qf5 22. c6 b5 23. Qa6 Nb4 24. Qb7 Nd3 25. c7 Nxe1+ 26. Rxe1 Rdc8 27. d5 Qd7
28. Rc1 b4 29. Rc6 Qxd5 0-1

[Event "Chess24 Banter Blitz Cup"]
[Site "chess24.com INT"]
[Date "2020.03.12"]
[Round "4.10"]
[White "Narayanan, S.L."]
[Black "Donchenko, Alexander"]
[Result "0-1"]
[WhiteTitle "GM"]
[BlackTitle "GM"]
[WhiteElo "2611"]
[BlackElo "2631"]
[WhiteFideId "5058422"]
[BlackFideId "24603295"]
[EventDate "2019.09.25"]
[EventType "blitz"]

1. Nf3 Nf6 2. c4 e6 3. Nc3 d5 4. e3 dxc4 5. Bxc4 a6 6. d4 b5 7. Bb3 Bb7 8. O-O
c5 9. e4 cxd4 10. Nxd4 Nbd7 11. Bg5 h6 12. Bh4 Qb6 13. Nf3 Bc5 14. e5 Ne4 15.
Nxe4 Bxe4 16. Re1 Bc6 17. Qd3 O-O 18. Bc2 g6 19. Qd2 Kg7 20. Qf4 Rac8 21. Bf6+
Kh7 22. Re4 Nxf6 23. exf6 Bxe4 24. Bxe4 Bxf2+ 25. Kh1 Qe3 26. Qg4 Rc1+ 27. Rxc1
Qxc1+ 0-1

[Event "Chess24 Banter Blitz Cup"]
[Site "chess24.com INT"]
[Date "2020.03.12"]
[Round "4.11"]
[White "Donchenko, Alexander"]
[Black "Narayanan, S.L."]
[Result "1/2-1/2"]
[WhiteTitle "GM"]
[BlackTitle "GM"]
[WhiteElo "2631"]
[BlackElo "2611"]
[WhiteFideId "24603295"]
[BlackFideId "5058422"]
[EventDate "2019.09.25"]
[EventType "blitz"]

1. d4 Nf6 2. c4 e6 3. Nc3 Bb4 4. Qc2 Nc6 5. Nf3 d6 6. Bd2 O-O 7. a3 Bxc3 8. Bxc3
Re8 9. e3 e5 10. Be2 Bg4 11. dxe5 dxe5 12. h3 Bxf3 13. gxf3 Qe7 14. Rg1 a5 15.
O-O-O Nb4 16. Qb1 c5 17. Rg5 Nc6 18. Rdg1 g6 19. h4 Nd4 20. Bd1 Kh8 21. h5 Nxh5
22. f4 exf4 23. exd4 Nf6 24. d5 Kg8 25. Qf5 Ne4 26. Qxf4 Nxc3 27. bxc3 b5 28. d6
Qe6 29. Rxc5 Red8 30. Rc7 Rxd6 31. Bf3 Re8 32. Bd5 Rxd5 33. cxd5 Qxd5 34. Rd1
Qa2 35. Qd2 Qa1+ 36. Kc2 Qa2+ 37. Kc1 Qa1+ 38. Kc2 Qa2+ 39. Kc1 1/2-1/2

[Event "Chess24 Banter Blitz Cup"]
[Site "chess24.com INT"]
[Date "2020.03.12"]
[Round "4.12"]
[White "Narayanan, S.L."]
[Black "Donchenko, Alexander"]
[Result "0-1"]
[WhiteTitle "GM"]
[BlackTitle "GM"]
[WhiteElo "2611"]
[BlackElo "2631"]
[WhiteFideId "5058422"]
[BlackFideId "24603295"]
[EventDate "2019.09.25"]
[EventType "blitz"]

1. d4 d5 2. Nf3 Nf6 3. c4 dxc4 4. e3 e6 5. Bxc4 c5 6. O-O a6 7. b3 Be7 8. Bb2
Nbd7 9. dxc5 Nxc5 10. Qxd8+ Bxd8 11. Nbd2 Be7 12. Rfc1 O-O 13. Ne5 b5 14. Be2
Bb7 15. Bf3 Bxf3 16. Ndxf3 Rfc8 17. g4 Nfe4 18. Nd4 Bf6 19. Ndc6 Rxc6 20. b4 Nd2
21. Nxc6 Bxb2 22. bxc5 Kf8 23. Rd1 Bxa1 24. Rxd2 Rc8 25. Nb4 Bc3 26. Rd4 Bxd4
27. exd4 a5 28. Nc2 e5 29. Kf1 exd4 30. Nxd4 Rxc5 31. Ke2 b4 32. Kd3 Rc3+ 33.
Ke4 Ra3 34. Nc6 Rxa2 35. Kd5 Rxf2 36. Nxa5 Rxh2 37. Nc4 b3 38. Kc5 b2 0-1

[Event "Chess24 Banter Blitz Cup"]
[Site "chess24.com INT"]
[Date "2020.03.12"]
[Round "4.13"]
[White "Donchenko, Alexander"]
[Black "Narayanan, S.L."]
[Result "1-0"]
[WhiteTitle "GM"]
[BlackTitle "GM"]
[WhiteElo "2631"]
[BlackElo "2611"]
[WhiteFideId "24603295"]
[BlackFideId "5058422"]
[EventDate "2019.09.25"]
[EventType "blitz"]

1. d4 Nf6 2. c4 g6 3. g3 Bg7 4. Bg2 O-O 5. Nc3 d6 6. Nf3 Nbd7 7. O-O e5 8. e4
exd4 9. Nxd4 Re8 10. h3 Nc5 11. Re1 Bd7 12. Qc2 a5 13. Be3 a4 14. Rad1 Qc8 15.
Kh2 Re5 16. Nde2 Bc6 17. f3 Re8 18. Nd4 Bd7 19. f4 c6 20. Nde2 Ncxe4 21. Nxe4
Nxe4 22. Bxe4 f5 23. Rxd6 fxe4 24. Bd4 Bf8 25. c5 Bxh3 26. Nc3 Bxd6 27. cxd6 Qe6
28. Nxe4 Bf5 29. Be5 Bxe4 30. Qxe4 Ra5 31. Rd1 Rd8 32. Qb4 Rb5 33. Qxa4 h5 34.
Rd2 h4 35. gxh4 Rd5 36. Rg2 Rxe5 37. fxe5 Qxe5+ 38. Kh1 Rxd6 39. Qb3+ Kh8 40.
Qf3 Rf6 41. Qd1 Rd6 42. Qf1 Kg7 43. Re2 Qd5+ 44. Kh2 Rd7 45. Qf4 Rf7 46. Qg3 Kh6
47. Rg2 Qf5 48. Qb8 Kg7 49. Qd6 Qf4+ 50. Qxf4 Rxf4 51. Kg3 Rf5 52. Kh3 Ra5 53.
Kg4 Rxa2 54. h5 gxh5+ 55. Kxh5+ Kf6 56. Kg4 Ke5 57. Kf3 Kd5 58. Ke3 Kc4 59. Ke4
Kb3 60. Kd4 Rxb2 61. Rg3+ Kb4 62. Ke5 c5 63. Kd6 c4 64. Kc7 c3 65. Rg4+ Kb3 66.
Rg3 Rc2 67. Kb6 Kb2 68. Rg4 Rc1 69. Rb4+ Kc2 70. Rc4 Rb1+ 71. Kc5 Rb2 72. Rd4
Kb3 73. Rc4 c2 74. Rb4+ Ka2 75. Rc4 1-0

[Event "Chess24 Banter Blitz Cup"]
[Site "chess24.com INT"]
[Date "2020.03.12"]
[Round "4.14"]
[White "Narayanan, S.L."]
[Black "Donchenko, Alexander"]
[Result "1-0"]
[WhiteTitle "GM"]
[BlackTitle "GM"]
[WhiteElo "2611"]
[BlackElo "2631"]
[WhiteFideId "5058422"]
[BlackFideId "24603295"]
[EventDate "2019.09.25"]
[EventType "blitz"]

1. Nf3 Nf6 2. g3 b5 3. Bg2 Bb7 4. O-O e6 5. d4 Be7 6. Re1 c5 7. a4 b4 8. c3 bxc3
9. bxc3 cxd4 10. cxd4 O-O 11. Nc3 Ne4 12. Qc2 f5 13. Nd2 d5 14. Ndxe4 fxe4 15.
Rb1 Ba6 16. Nxe4 Nd7 17. Qc6 Bc4 18. Qxe6+ Kh8 19. Nd6 Bxd6 20. Qxd6 Rf6 21. Qa3
Qa5 22. Bg5 Rf7 23. Qb4 Qa6 24. Qb7 Re8 25. Qxa6 Bxa6 26. Bxd5 Rf5 27. Bc6 Rxg5
28. Bxd7 Rd8 29. Bb5 Bb7 30. f4 Rh5 31. Be8 Rxe8 32. Rxb7 Ra5 33. Rb4 h5 34. Kf2
Re4 35. e3 Re6 36. Kf3 Rea6 37. Rb5 Rxa4 38. Rxh5+ Kg8 39. Rc1 Re6 40. Rc8+ Kf7
41. Rc7+ Kf6 42. g4 Ra3 43. Rf5+ Kg6 44. Re5 Rb6 45. h4 a5 46. h5+ Kh6 47. Ree7
Rbb3 48. Rc6+ Kh7 49. Rg6 a4 50. Rgxg7+ Kh8 51. h6 Rb8 52. Rh7+ Kg8 53. Reg7+ 1-0

[Event "Chess24 Banter Blitz Cup"]
[Site "chess24.com INT"]
[Date "2020.03.22"]
[Round "3.1"]
[White "Nihal, Sarin"]
[Black "Tang, Andrew"]
[Result "0-1"]
[WhiteTitle "GM"]
[BlackTitle "GM"]
[WhiteElo "2610"]
[BlackElo "2507"]
[WhiteFideId "25092340"]
[BlackFideId "2059630"]
[EventDate "2019.09.25"]
[EventType "blitz"]

1. e4 e5 2. Nf3 Nc6 3. Bc4 Bc5 4. c3 Nf6 5. d3 a6 6. O-O Ba7 7. a4 d6 8. Nbd2
O-O 9. Re1 h6 10. Nf1 Be6 11. Bxe6 fxe6 12. Be3 Qe8 13. Bxa7 Rxa7 14. Ng3 Qf7
15. b4 Ne7 16. d4 exd4 17. cxd4 Ng6 18. Rc1 Raa8 19. Rc3 Rae8 20. Qc2 Re7 21. b5
axb5 22. axb5 Nf4 23. Rc1 Ne8 24. e5 Nd5 25. Ra3 Qf4 26. Re1 Ref7 27. Re4 dxe5
28. dxe5 Nb4 29. Qb1 Nd5 30. Rxf4 Rxf4 31. Ra8 R4f7 32. h3 Nf4 33. Qe4 b6 34.
Nd4 Rd7 35. Nge2 Nxe2+ 36. Nxe2 Rdf7 37. Nd4 Re7 38. Kh2 Kf7 39. f4 g6 40. Nc6
Rd7 41. Qc4 Ng7 42. Rxf8+ Kxf8 43. Qa4 Re7 44. Qa8+ Re8 45. Qb7 Kg8 46. Qxc7 Rf8
47. Qxb6 Kh7 48. Qc7 h5 49. b6 Kh6 50. b7 Rxf4 51. b8=Q Kg5 52. Qf7 Rxf7 53.
Qd8+ Kf5 54. Nd4+ Ke4 55. Nf3 Nf5 56. Qd3+ Kxd3 57. Ng5 Nh4 58. Nxe6 Nf3+ 0-1

[Event "Chess24 Banter Blitz Cup"]
[Site "chess24.com INT"]
[Date "2020.03.22"]
[Round "3.2"]
[White "Tang, Andrew"]
[Black "Nihal, Sarin"]
[Result "1-0"]
[WhiteTitle "GM"]
[BlackTitle "GM"]
[WhiteElo "2507"]
[BlackElo "2610"]
[WhiteFideId "2059630"]
[BlackFideId "25092340"]
[EventDate "2019.09.25"]
[EventType "blitz"]

1. d4 d5 2. Bf4 Nf6 3. e3 e6 4. Nf3 Bd6 5. Nbd2 O-O 6. Bd3 b6 7. Qe2 Bb7 8. O-O
c5 9. c3 Nc6 10. Rad1 Bxf4 11. exf4 cxd4 12. Nxd4 Nxd4 13. cxd4 Rc8 14. Nf3 Ne4
15. Ne5 f6 16. Ng4 Qd7 17. Rfe1 Rfe8 18. Ne3 Nd6 19. Qh5 g6 20. Qh4 f5 21. Nf1
Bc6 22. Nd2 Bb5 23. Bb1 Ne4 24. Nf3 Qe7 25. Qh3 Ba4 26. b3 Bb5 27. Bxe4 dxe4 28.
Ne5 Rc2 29. a4 Be2 30. Rc1 Qb4 31. Qe3 Rec8 32. h4 R8c3 33. Rxc2 Rxe3 34. Rc8+
Kg7 35. Rec1 Rh3 36. gxh3 Bf3 37. Kh2 Qd2 38. Kg3 e3 39. R8c2 Qxd4 40. Nxf3 Qe4
41. fxe3 Qxe3 42. Rc3 Kh6 43. Rxe3 e5 44. Rxe5 Kh5 45. Rc7 b5 46. Rxh7# 1-0

[Event "Chess24 Banter Blitz Cup"]
[Site "chess24.com INT"]
[Date "2020.03.22"]
[Round "3.3"]
[White "Nihal, Sarin"]
[Black "Tang, Andrew"]
[Result "1/2-1/2"]
[WhiteTitle "GM"]
[BlackTitle "GM"]
[WhiteElo "2610"]
[BlackElo "2507"]
[WhiteFideId "25092340"]
[BlackFideId "2059630"]
[EventDate "2019.09.25"]
[EventType "blitz"]

1. d4 d5 2. Nf3 Nf6 3. Bf4 e6 4. e3 Bd6 5. Bg3 c5 6. c3 O-O 7. Nbd2 Qc7 8. dxc5
Qxc5 9. Bd3 Nbd7 10. e4 dxe4 11. Nxe4 Nxe4 12. Bxe4 Bxg3 13. hxg3 Nf6 14. Qe2
Bd7 15. Ne5 Bc6 16. Nxc6 bxc6 17. Bf3 Rad8 18. O-O g6 19. Rfd1 Kg7 20. Qa6 Nd5
21. Rd2 Rd7 22. Rad1 Rfd8 23. Qe2 Nf6 24. Rxd7 Rxd7 25. Rxd7 Nxd7 26. Qe4 Ne5
27. Be2 Qd5 28. Qxd5 exd5 29. f4 Nd7 30. Kf2 Kf6 31. g4 h6 32. Ke3 g5 33. g3 Ke6
34. b4 Kd6 35. c4 c5 36. bxc5+ Nxc5 37. cxd5 Kxd5 38. Bd1 f6 39. Bb3+ Nxb3 40.
axb3 Kc5 41. Kd3 Kb4 42. Kc2 a6 43. Kb2 a5 44. Kc2 Kb5 45. Kd3 Kc5 46. Kc3 Kb5
47. Kd3 Kb4 48. Kc2 Kc5 49. Kc3 gxf4 50. gxf4 Kb5 51. Kd3 Kb4 52. Kc2 Kc5 53.
Kc3 Kd5 54. Kd3 Kc5 55. Kc3 1/2-1/2

[Event "Chess24 Banter Blitz Cup"]
[Site "chess24.com INT"]
[Date "2020.03.22"]
[Round "3.4"]
[White "Tang, Andrew"]
[Black "Nihal, Sarin"]
[Result "1-0"]
[WhiteTitle "GM"]
[BlackTitle "GM"]
[WhiteElo "2507"]
[BlackElo "2610"]
[WhiteFideId "2059630"]
[BlackFideId "25092340"]
[EventDate "2019.09.25"]
[EventType "blitz"]

1. d4 Nf6 2. c4 c6 3. Bf4 d5 4. e3 Bf5 5. Nc3 e6 6. Qb3 Qc8 7. Nf3 Nbd7 8. h3
Be7 9. Rc1 a6 10. cxd5 exd5 11. Be2 O-O 12. O-O Re8 13. Rfd1 h6 14. Ne5 Be6 15.
Bf3 Nxe5 16. Bxe5 Ne4 17. Bxe4 dxe4 18. d5 Bxh3 19. gxh3 Qxh3 20. Bg3 Bh4 21.
Ne2 Bxg3 22. Nxg3 h5 23. dxc6 bxc6 24. Rc5 h4 25. Nf5 Re6 26. Rd6 Qg4+ 27. Kf1
h3 28. Rxe6 h2 29. Rh6 Qg1+ 30. Ke2 Rd8 31. Rxh2 Qxh2 32. Ne7+ Kf8 33. Rf5 f6
34. Ng6+ 1-0

[Event "Chess24 Banter Blitz Cup"]
[Site "chess24.com INT"]
[Date "2020.03.22"]
[Round "3.5"]
[White "Nihal, Sarin"]
[Black "Tang, Andrew"]
[Result "1-0"]
[WhiteTitle "GM"]
[BlackTitle "GM"]
[WhiteElo "2610"]
[BlackElo "2507"]
[WhiteFideId "25092340"]
[BlackFideId "2059630"]
[EventDate "2019.09.25"]
[EventType "blitz"]

1. e4 e5 2. Nf3 Nc6 3. Bc4 Nf6 4. d3 h6 5. O-O d6 6. c3 g5 7. Re1 Bg7 8. a4 O-O
9. Na3 Ne7 10. Nc2 Ng6 11. Ne3 c6 12. Bb3 Be6 13. Bxe6 fxe6 14. h3 Nf4 15. Ng4
h5 16. Nxf6+ Qxf6 17. Bxf4 Qxf4 18. Qe2 g4 19. hxg4 hxg4 20. Nh2 g3 21. fxg3
Qxg3 22. Rf1 Rf4 23. Rf3 Qg5 24. Raf1 Raf8 25. Rxf4 exf4 26. d4 e5 27. Nf3 Qh5
28. Rd1 exd4 29. cxd4 Rf6 30. e5 Re6 31. Qe4 d5 32. Qxf4 Bh6 33. Qh2 Be3+ 34.
Kf1 Qf5 35. Qh3 Qg6 36. Ke2 Bh6 37. Nh4 Qc2+ 38. Ke1 Re7 39. Nf5 Qe4+ 40. Kf1
Rf7 41. g4 Bg5 42. Re1 Qf4+ 43. Kg1 Rh7 44. Qg3 Qd2 45. e6 Bf4 46. e7 Rxe7 47.
Nxe7+ Kf8 48. Qf2 Kg7 49. Qxd2 Kf6 50. Re2 Bxd2 51. Nf5 Bf4 52. Kg2 Kg5 53. Kf3
c5 54. Re6 cxd4 55. Nxd4 Be5 56. Rxe5+ Kf6 57. Rf5+ Ke7 58. Kf4 Kd6 59. g5 Kc5
60. g6 Kxd4 61. g7 Kc4 62. g8=Q Kb3 63. Qxd5+ Kxa4 64. Qb5# 1-0